| 000 | 00572nam a22001577a 4500 | ||
|---|---|---|---|
| 003 | 0 | ||
| 005 | 20231106142719.0 | ||
| 008 | 230313b xxu||||| |||| 00| 0 eng d | ||
| 050 |
_aHQ 750 _b.D45 2022 |
||
| 100 | _aAlysandra Patricia L. De La Cruz | ||
| 245 |
_aHeterosexual romantic relationship and social adjustment of young adult women who grew up without a father _cAlysandra Patricia L. De La Cruz |
||
| 260 |
_aLas Pinas City _bSouthville International School and Colleges _cc2022 |
||
| 300 |
_axi,228pp. _c28cm. _fTheses |
||
| 500 | _aHeterosexual. | ||
| 942 |
_2lcc _cTH |
||
| 999 |
_c364931 _d364931 |
||